| 000 | 01527nam0a22003851 4500 | ||
|---|---|---|---|
| 001 | RU\NLR\INFOCOMM_116\5000062344 | ||
| 005 | 20250613090920.0 | ||
| 035 | _a(NLR Aleph) 009084220 | ||
| 090 |
_a8001262 _c8001262 |
||
| 100 | _a20081208d1968 |||y0rusy50 ca | ||
| 101 | 1 |
_aspa _crus |
|
| 102 | _aRU | ||
| 105 | _aa z 000zy | ||
| 181 | 0 |
_ai _baxxe |
|
| 182 | 0 | _an | |
| 200 | 1 |
_aLa democracia socialista soviética _e[trad. del ruso ...] _fB. Bayanov, Y. Umanski, M. Shafir _gbajo la red. de F. Kalinychev, dr. en ciencias jurídicas |
|
| 203 |
_aТекст _bвизуальный _cнепосредственный |
||
| 210 |
_aΜ. _cProgreso _d[1968] |
||
| 215 |
_a299, [5] с., 1 л. схем _cил. _d21 см |
||
| 300 | _aНа пер. авт. не указаны | ||
| 300 | _aНа обороте тит. л.: Советская социалистическая демократия / Баянов Б. П., Уманский Я. Н., Шафир М. А. | ||
| 517 | 1 | _aСоветская социалистическая демократия | |
| 686 |
_aП1-55 _2rubbk |
||
| 700 | 1 |
_6z01790 _aBajanov _bB. P. _gBoris Pavlovič _4070 |
|
| 701 | 1 |
_6z02790 _aUmanskij _bJ. N. _gJakov Naumovič _4070 |
|
| 701 | 1 |
_6z03790 _aŠafir _bM. A. _gMark Arkad'evič _4070 |
|
| 790 | 1 |
_6z01700 _aBayanov _bB. _4070 |
|
| 790 | 1 |
_6z02701 _aUmanski _bY. _4070 |
|
| 790 | 1 |
_6z03701 _aShafir _bM. _4070 |
|
| 801 | 1 |
_aRU _bNLR _c20081208 |
|
| 801 | 0 |
_aRU _bNLR _gPSBO |
|
| 852 |
_aNLR _jП11 Д-3/7 |
||
| 942 | _cBOOK | ||
| 980 | _aNB | ||